| 000 | 01541nam a2200277Ia 4500 | ||
|---|---|---|---|
| 003 | OSt | ||
| 005 | 20211117114032.0 | ||
| 008 | 210310t2000 eu ad fr 000 0 spa d | ||
| 020 | _a0821348582 | ||
| 040 |
_aCO-JMCR _cCO-JMCR |
||
| 041 | 0 | _aspa | |
| 082 | 0 | 4 |
_a338.98 / _bF373a _223 |
| 100 | 1 |
_aFerranti, David de, _918366 _eautor |
|
| 245 | 1 | 0 |
_aAsegurando el futuro en una economía globalizada / _cpor David de Ferranti, Guillermo E. Perry, Indermit S. Gill [y 1 más] |
| 260 |
_aWashington, D.C. : _bBanco Mundial, _c©2000 |
||
| 300 |
_axi, 141 páginas : _bilustraciones y gráficas a blanco y negro ; _c28 cm. |
||
| 490 | 0 | _aEstudio del Banco Mundial sobre América Latina y Latina y el Caribe | |
| 504 | _aBibliografía: páginas 135-141 | ||
| 505 | 0 | _aOportunidades y riesgo en un mundo globalizado -- La inseguridad económica en América Latina y el Caribe: hechos estilizados -- El diseño de una política social para enfrentar el riesgo: marco conceptual -- La volatilidad macroeconómica en América Latina y el Caribe: causas y soluciones -- La respuesta de los hogares de América Latina y el Caribe ante las crisis económicas -- Apoyo a los trabajadores frente al riesgo de desempleo -- La ayuda para los pobres y la superación de las crisis | |
| 650 | 1 | 4 |
_aGlobalización _918368 |
| 650 | 2 | 4 |
_aDesarrollo económico _941551 |
| 651 | 4 |
_aAmérica Latina _xPolítica económica _ySiglo XX _941552 |
|
| 700 | 1 |
_aPerry, Guillermo E., _eautor _939495 |
|
| 700 | 1 |
_aGill, Indermit S., _eautor _941553 |
|
| 942 |
_2ddc _cBK |
||
| 999 |
_c8817 _d8817 |
||